|
|
|
|
| LEADER |
00000cam a2200000 7i4500 |
| 001 |
0000012215 |
| 005 |
20071210.0 |
| 008 |
071207 |
| 020 |
|
|
|a 983720530X
|
| 090 |
0 |
0 |
|a 133.8
|b DEN
|
| 100 |
1 |
|
|a Denning, Melita
|
| 245 |
1 |
0 |
|a Practical guide to psychic powers :
|b Awaken your sixth sense
|c Melita Denning and Osborne Phillips
|
| 260 |
|
|
|a Selangor :
|b Golden Books Centre ,
|c 2008
|
| 650 |
|
0 |
|a English fiction
|
| 650 |
|
0 |
|a Parapsychology
|x psychic ability
|
| 710 |
0 |
|
|a Title
|
| 710 |
1 |
|
|a Phillips, Osborne
|
| 999 |
|
|
|a 0001003569
|b Book
|c Adult Collection
|e Perbadanan Perpustakaan Awam Johor
|
| 999 |
|
|
|a 0001003570
|b Book
|c Adult Collection
|e Perbadanan Perpustakaan Awam Johor
|
| 999 |
|
|
|a 0001003571
|b Book
|c Adult Collection
|e Perbadanan Perpustakaan Awam Johor
|